000 00673nam a2200229Ia 4500
003 IIN
005 20250526130821.0
008 250526s2022 xx ad 001 0 eng d
020 _cRs.795.00
_a9789390619856
040 _aIIN
_bEnglish
082 _a615.1
_bPAT
100 1 _aPathania, Joginder Singh
245 1 _aTextbook of Pharmacology for Bsc Nursing Students/
_cJoginder Singh Pathania , Rupendra Kumar Bharti & Vikas Sood
250 _a2nd ed
260 _aNew Delhi
_bCBS
_c2024
300 _axxi,615p.
_bcol. ill.
500 _aIncludes Index
650 1 _aPharmacology
700 1 _aBharti, Rupendra Kumar
700 1 _aSood, Vikas
942 _cBOOK
999 _c1846
_d1846